000 00491cam a2200145 4500500
005 20251228095033.0
041 _afre
042 _adc
100 1 0 _aLe Moing, Monique
_eauthor
245 0 0 _aAntonio Tabucchi, Pour Isabel, trad. Bernard Comment, Paris, Gallimard, 2014, 152 pages
260 _c2015.
500 _a4
786 0 _nSigila | 36 | 2 | 2015-10-01 | p. 195e-201e | 1286-1715
856 4 1 _uhttps://shs.cairn.info/revue-sigila-2015-2-page-195e?lang=fr&redirect-ssocas=7080
999 _c1605437
_d1605437